000 00340nam a2200145Ia 4500
003 OSt
005 20240102051023.0
008 170524s9999 xx 000 0 und d
020 _a8171417663
040 _cIIMT UNIVERSITY
100 _aRAO- V. PALA PRASADA
245 0 _aINDIA-PAKISTAN
260 _bNEW DELHI: DISCOVERY
942 _2ddc
_c01
999 _c9307
_d9307